| 000 | 00984nam a2200253 a 4500 | ||
|---|---|---|---|
| 001 | 4886168 | ||
| 003 | ARRUPE | ||
| 005 | 20160812124144.0 | ||
| 008 | 930713s1992 sx ab b 000 0 eng | ||
| 010 | _a 92983092 | ||
| 020 | _a1868487571 | ||
| 040 |
_aDLC _cDLC |
||
| 043 | _af-sx--- | ||
| 050 | 0 | 0 |
_aHD4875.N28 _bH57 1992 |
| 100 | 1 |
_aHishongwa, Ndeutala Selma, _d1952- _925008 |
|
| 245 | 1 | 4 |
_aThe contract labour system and its effects on family and social life in Namibia : _ba historical perspective / _cNdeutala Hishongwa. |
| 260 |
_aWindhoek, Namibia : _bGamsberg Macmillan, _c1992. |
||
| 300 |
_a116 p. : _bill., map ; _c22 cm. |
||
| 504 | _aIncludes bibliographical references (p. 113-116). | ||
| 650 | 0 |
_aContract labor _xSocial aspects _zNamibia _xHistory. _925009 |
|
| 906 |
_a7 _bcbc _corignew _d3 _encip _f19 _gy-gencatlg |
||
| 942 |
_2lcc _cMONOGRAPH |
||
| 999 |
_c124989 _d124989 |
||